000 00530nam a2200193Ia 4500
005 20250508163836.0
008 008 250505s9999 xx 000 0 eng d
037 _aTextual
040 _aFEDL
_beng
_cFEDL
041 _aeng
_2eng
084 _a371.33, GOE
_qFEDL
100 _aGoel D R Ed.
_9776516
245 0 _aEducational media in India
260 _aDelhi, India
_bBharatiya Kala Prakashan
_c2000
300 _axvi,280p.
365 _aINR
_b500
942 _cTEXL
_h371.33, GOE
999 _c1385554
_d1385554